000
00308nam a22001337a 4500
008
170615b xxu||||| |||| 00| 0 eng d
020
_a
110000301438
041
_a
eng
080
_2
3RD
_a
32
100
_a
20
101
_a
SHP
245
_a
DIMENSIONS OF SOCIAL WELFARE POLICY
_c
GILBERT, N
942
_2
udc
_c
BK
999
_c
17654
_d
17654